000 00730nam a2200229Ia 4500
001 21425
003 GE_BSU
008 181216s||||||||xx |||||||||||||| ||und||
040 _cGE_BSU
080 _aპერიოდიკა
245 _aНовая и новейшая история №5 Сентябрь-Октябрь 2017
245 _cГлавный ред: В.В Согрин, и др.
260 _aМосква
260 _bНаука
260 _c2017
300 _a256 стр. 24см.
653 _aИстория
653 _aНовая и новейшая история №5 Сентябрь-Октябрь 2017
653 _aПериодика
653 _aპერიოდიკა
942 _cCR
999 _c54369
_d54369